000 nam a22 7a 4500
999 _c29392
_d29392
008 171205b xxu||||| |||| 00| 0 eng d
020 _a8171797180
050 _aTX 354 .S26 2000
100 _aSam, Molly.
245 _aTextbook of nutrition for nurses /
_cMolly Sam
260 _aNewDelhi:
_bJaypee brothers,
_c2000.
300 _a276.p
_c26cm
650 _aCommunity Health
_xNutrition
942 _2lcc
_cBOOKS
_hTX 354 .S26 2000
_03